000 01091nam a2200241 a 4500
999 _c448399
_d448399
003 BLK
005 20230628142108.0
008 220302b bul|||||r ||||||| ||bul||
040 _aBLK
041 _aBUL
_cBUL
080 _aХорове
_b78.087.68
_x(497.215)(062)
_z78.087.68(497.215)(062)
139 _bХ 66
245 1 0 _aХор Родина
_bКонцерт песни от различни адреси
_h[Малотир. изд.]
260 _aРусе
_bб. и.
_c1973
_9441842
300 _a4 с.
_c21 см
380 _a7
500 _aПосветен на 50-годишнината от Септемврийското въстание и на Х световен младежки фестивал в Берлин Организатор : Образцово народно читалище "Зора" - Русе 13 - 14 май 1973, Дом на културата
653 7 _9196848
_aсмесени хорове
653 7 _9189133
_aконцерти
852 _bК
_cК 78/Х 66
942 _cKNG
_n0
_s1
_01
944 _aCR
_c2022-03-11
_kХристина Везирева